000
00324nam a2200145Ia 4500
008
191201s2009 xx 000 0 und d
082
_a
658
_b
AWK
100
_a
AWAD, Elias
245
0
_a
Knowledge Management
250
_a
3rd IMP
260
_a
N. Delhi
_b
Pearson
_c
2009
300
_a
480
650
_a
BBA
942
_2
ddc
_c
BK
999
_c
4436
_d
4436